MARC

LEADER 00000nab a2200000 4500
001 vtls012052452
003 SK-MaSNL
005 20260318114414.0
008 210504c2019 xo er|n || ||00 c0ukr
015 |a SNBRB2021/05 
038 |a SVKPOCL 
040 |a SVKPOCL  |b slo  |c SVKPOCL  |e rda 
041 0 |a ukr 
043 |a e-un---  |a e-pl--  |a e-xo---  |a n-cn---  |a n-xxu--  |a e-rb--- 
044 |a xo  |c SK 
072 7 |a 316.7  |x Sociológia kultúry. Kultúrny život  |2 konspekt 
072 7 |a 061.2  |x Nevládne organizácie a kooperácia  |2 konspekt 
072 7 |a 316.022.4(=161.25):005.745(100)  |2 2011 
072 7 |a 316.022.4(=161.25)(100):061.2  |2 2011 
072 7 |a 316.022.4(=161.25):061.2(100)  |2 2011 
080 |a 7.079:39  |2 2011 
080 |a 398:394.2:7.079  |2 2011 
080 |a 398.8  |2 2011 
080 |a (=161.25)(100)  |2 2011 
080 |a (=161.25)(477)  |2 2011 
080 |a (438)  |2 2011 
080 |a (477)  |2 2011 
080 |a (437.6)  |2 2011 
080 |a (71)  |2 2011 
080 |a (497.11)  |2 2011 
080 |a (73)  |2 2011 
245 0 0 |a Namityly plany dijal'nosti SFULO 
336 |a text  |b txt  |2 rdacontent 
337 |a bez média  |b n  |2 rdamedia 
338 |a zväzok  |b nc  |2 rdacarrier 
500 |a V rubrike Dijal'nist' našoho Sojuzu 
600 1 7 |a Halyk, Jaroslava Ivanivna,  |d 1953-  |2 svkpocl  |9 1330376 
600 1 7 |a Bogdan, Pavol,  |d 1950-  |2 svkpocl  |9 484875 
600 1 7 |a Hovans'kyj, Marko  |2 svkpocl  |9 1624750 
600 1 7 |a Klapyk, Stefan  |2 svkpocl  |9 1618409 
600 1 7 |a Chomyk, Andrij  |2 svkpocl  |9 1624751 
600 1 7 |a Rotko, Andrij  |2 svkpocl  |9 1624752 
600 1 7 |a Maslej, Maksym  |2 svkpocl  |9 1624753 
600 1 7 |a Hladyk, Natalia  |2 svkpocl  |9 1624754 
600 1 7 |a Szlanta, Wacław,  |d 1950-  |2 svkpocl  |9 1618363 
600 1 7 |a Bandurčin, Viktor,  |d 1969-  |2 svkpocl  |9 1153657 
600 1 7 |a Vyslavs'kyj, Bohdan  |2 svkpocl  |9 1624755 
600 1 7 |a Čapko, Taras  |2 svkpocl  |9 1624756 
600 1 7 |a Burda, Slavko  |2 svkpocl  |9 1255619 
600 1 7 |a Venhrynovyč, Oleksandr  |2 svkpocl  |9 1618402 
600 1 7 |a Duda, Ihor  |2 svkpocl  |9 1624757 
600 1 7 |a Syvanyč, Bohdan  |2 svkpocl  |9 1624758 
610 2 7 |a Svitova federacija ukrajins'kych lemkivs'kych obʼjednan' (občiansky spolok : Jaremče, Ukrajina).  |b Prezídium  |2 svkpocl  |9 1330377 
610 2 7 |a Zväz Rusínov-Ukrajincov Slovenskej republiky  |2 SNKKA  |9 18604 
648 7 |a 25.7.2020  |2 svkpocl  |9 1332356 
650 0 7 |a pracovné stretnutia  |2 SNKPH  |9 513273 
650 0 7 |a správy o činnosti  |2 svkpocl  |9 1236037 
650 0 7 |a organizácia a riadenie  |2 SNKPH  |9 3863 
650 0 7 |a kultúra  |2 SNKPH  |9 886 
650 0 7 |a výročné správy  |2 SNKPH  |9 79433 
650 0 7 |a kultúrne inštitúcie a organizácie  |2 SNKPH  |9 112538 
650 0 7 |a videokonferencie  |2 svkpocl  |9 318933 
650 0 7 |a národnostné organizácie  |2 svkpocl  |9 1330565 
650 0 7 |a mimovládne organizácie  |2 SNKPH  |9 194400 
650 0 7 |a Rusíni  |2 SNKPH  |9 4087 
650 0 7 |a Ukrajinci  |2 SNKPH  |9 19025 
650 0 7 |a Lemkovia  |2 SNKPH  |9 27189 
651 7 |a Poľsko  |2 SNKPH  |9 16755 
651 7 |a Ukrajina  |2 SNKPHgeo  |9 168045 
651 7 |a Slovensko  |2 SNKPHgeo  |9 14231 
651 7 |a Spojené štáty americké  |2 SNKPHgeo  |9 18262 
651 7 |a Prešov (Slovensko)  |2 SNKPHgeo  |9 17347 
651 7 |a Chorvátsko  |2 SNKPHgeo  |9 16553 
651 7 |a Kanada  |2 SNKPHgeo  |9 17505 
651 7 |a Srbsko  |2 SNKPHgeo  |9 31535 
773 0 |t Nove žyttja  |g Roč. 70, č. 16 (2020), s. 2 
852 |a SVKPO  |b KIS3GCP 
958 |a RN 
958 |a SS 
958 |a UK 
958 |a PL 
958 |a UA 
958 |a RS 
958 |a CA 
958 |a NM 
958 |a SK 
958 |a US 
999 |c 3351817  |d 3353747